000 00741nam a2200229 4500
001 108542
003 ES-MaACL
005 20230906184647.0
007 t|
008 061121s1961 sp r ||||1| spa d
100 1 _aGillet, Lev.
_9172062
245 0 0 _aJesús :
_bhumilde visión del Salvador /
_cpor un monje de la Iglesia de Oriente ; versión española de R.F.C.
250 _a1ª ed.
260 _aMadrid :
_bEpesa [Ediciones y Publicaciones Españolas],
_c1961.
300 _a173 p. ;
_c24 cm.
490 1 _aPax romana
593 _aUn monje de la Iglesia de Oriente es Lev Gillet.
600 0 4 _aJesucristo-
_vMeditaciones.
_966371
830 1 _aPax romana
_9182690
852 _aES-MaACL
_jC-19924
999 _c108542
_d108542